[Event "12th ch-EUR"]
[Site "Aix-les-Bains FRA"]
[Date "2011.03.22"]
[Round "1"]
[White "Navara,D"]
[Black "Colin,V"]
[Result "1/2-1/2"]
[WhiteElo "2722"]
[BlackElo "2427"]
[EventDate "2011.03.21"]

1. e4 c5 2. Nf3 Nc6 3. d4 cxd4 4. Nxd4 g6 5. c4 Bg7 6. Be3 Nf6 7. Nc3 d6 8.
Be2 O-O 9. O-O Bd7 10. Nc2 Rc8 11. f3 a6 12. Qd2 Ne5 13. Na3 Re8 14. h3 Bc6
15. b4 b6 16. Rac1 Ned7 17. Nc2 Bb7 18. Bf4 Nh5 19. Bh2 Ne5 20. Ne3 Nc6 21.
f4 Nf6 22. a3 e6 23. Rfd1 d5 24. e5 Ne4 25. Nxe4 dxe4 26. Bg3 f6 27. Qe1
Nd4 28. Bh4 g5 29. exf6 Qxf6 30. Bxg5 Qg6 31. Ng4 e5 32. c5 exf4 33. Bxf4
h5 34. Bc4+ Kh7 35. Kh1 bxc5 36. bxc5 e3 37. Bxe3 Bxg2+ 38. Kxg2 Qe4+ 39.
Kg3 h4+ 40. Kxh4 Nf3+ 41. Kg3 Nxe1 42. Rxe1 Rf8 43. Bf2 Rf3+ 44. Kh2 Qf4+
45. Kg2 Rf8 46. Rc2 Rxa3 47. Bd5 Kh8 48. c6 Rc3 49. Rxc3 Bxc3 50. Re3 Qd4
51. Bf3 Qc4 52. Bg3 Rxf3 53. Rxf3 Qxc6 54. Ne5 Qd5 55. Ng6+ Kh7 56. Ne7 Qe4
57. Nf5 a5 58. Bd6 Be1 59. Bg3 Bxg3 60. Nxg3 Qd5 61. Ne2 a4 62. Nc3 Qd2+
63. Kg3 a3 64. Rf7+ Kg6 65. Rf6+ Kg7 66. Rf3 Qe1+ 67. Kg2 Kg6 68. Kh2 a2
69. Nxa2 Qe2+ 70. Kg3 Qxa2 71. Rf4 Qa3+ 72. Kg2 Kg5 73. Rg4+ Kf5 74. Kh2
Qb2+ 75. Kg1 Qe2 76. Kh1 Qf2 77. Rg2 Qe1+ 78. Rg1 Qe4+ 79. Kh2 Qc2+ 80. Rg2
Qc7+ 81. Kh1 Kf4 82. Kh2 1/2-1/2

[Event "12th ch-EUR"]
[Site "Aix-les-Bains FRA"]
[Date "2011.03.22"]
[Round "1"]
[White "Serov,M"]
[Black "Kurnosov,I"]
[Result "1/2-1/2"]
[WhiteElo "2352"]
[BlackElo "2653"]
[EventDate "2011.03.21"]

1. d4 g6 2. c4 Bg7 3. Nc3 Nf6 4. e4 d6 5. f3 O-O 6. Be3 c5 7. Nge2 Nc6 8.
Qd2 Qa5 9. Rd1 Bd7 10. dxc5 dxc5 11. Nd5 Nxd5 12. cxd5 Nb4 13. Nc3 Bd4 14.
Bd3 Ba4 15. Ra1 Bc2 16. Bc4 b5 17. Bxb5 Bxe4 18. Bxd4 cxd4 19. fxe4 dxc3
20. bxc3 Qxb5 21. cxb4 Rac8 22. a3 f5 23. Qe2 Qb6 24. Qf2 fxe4 25. Qxb6
axb6 26. Ke2 Rc2+ 27. Ke3 Rxg2 28. Kxe4 Rf5 29. Rad1 Rg4+ 30. Ke3 Rgg5 31.
d6 Re5+ 32. Kf4 Rgf5+ 33. Kg3 Re3+ 34. Kg2 exd6 35. Rxd6 b5 36. Rd7 Re2+
37. Kg3 Re3+ 38. Kg2 Re2+ 39. Kg3 Re3+ 40. Kg2 Rg5+ 41. Kf2 Rxa3 42. Rc1
Rf5+ 43. Kg2 Ra2+ 44. Kg3 Raf2 45. Rc8+ Rf8 46. Rb7 R2f3+ 47. Kg2 Rf2+ 48.
Kg3 Rxc8 49. Kxf2 Rf8+ 50. Kg3 Rf5 51. Kg4 Rd5 52. h3 Rd4+ 53. Kg5 Rxb4 54.
Rb8+ Kf7 55. Rb7+ Ke6 56. Rxh7 Rb3 57. h4 Rg3+ 58. Kf4 Rd3 59. Kg5 Rd7 60.
Rh6 Kd5 61. Rxg6 Kc5 62. h5 Rb7 63. h6 Rh7 1/2-1/2

[Event "12th ch-EUR"]
[Site "Aix-les-Bains FRA"]
[Date "2011.03.23"]
[Round "2"]
[White "Motylev,A"]
[Black "Shimanov,A"]
[Result "1-0"]
[WhiteElo "2677"]
[BlackElo "2550"]
[EventDate "2011.03.21"]

1. e4 c5 2. Nf3 e6 3. d4 cxd4 4. Nxd4 Nc6 5. Nc3 Qc7 6. Be3 Nf6 7. f4 Bb4
8. Ndb5 Qa5 9. e5 Nd5 10. Bd2 Nxc3 11. Bxc3 O-O 12. Qd2 Bxc3 13. Nxc3 f6
14. exf6 Rxf6 15. O-O-O d5 16. g3 Bd7 17. Ne4 Rh6 18. Qxa5 Nxa5 19. Nf2 Rf6
20. Ng4 Rff8 21. Ne5 Rad8 22. Bh3 Bc8 23. Rhe1 Rf6 24. Bg4 Nc6 25. c4 Ne7
26. b3 Rff8 27. cxd5 exd5 28. Bf3 Rd6 29. Nc4 Re6 30. Nd6 b6 31. Kb2 Rxd6
32. Rxe7 d4 33. Rxa7 g5 34. Be4 gxf4 35. Bxh7+ Kh8 36. gxf4 Rxf4 37. Rd2
Bd7 38. Bd3 Kg8 39. Ra8+ Kf7 40. Rh8 Ke7 41. Ka3 Re6 42. Kb4 Kd6 43. h4 Be8
44. h5 Rh4 45. Bc4 Re5 46. h6 Bg6 47. Rxd4+ Rxd4 48. Rd8+ Ke7 49. Rxd4 Rh5
50. Rd5 Rxh6 51. Re5+ Kd7 52. Re6 1-0

[Event "12th ch-EUR"]
[Site "Aix-les-Bains FRA"]
[Date "2011.03.23"]
[Round "2"]
[White "Korobov,A"]
[Black "Brandenburg,D"]
[Result "1/2-1/2"]
[WhiteElo "2647"]
[BlackElo "2527"]
[EventDate "2011.03.21"]

1. d4 Nf6 2. c4 c5 3. d5 b5 4. cxb5 a6 5. bxa6 g6 6. Nc3 Bxa6 7. g3 d6 8.
Bg2 Bg7 9. Nf3 Nbd7 10. O-O Nb6 11. Re1 O-O 12. Rb1 Bc4 13. e4 Bxa2 14.
Nxa2 Rxa2 15. b4 cxb4 16. Rxb4 Nfd7 17. Nd4 Qc7 18. Nc6 Bc3 19. Nxe7+ Kg7
20. Nc6 Ne5 21. Rb3 Bxe1 22. Qxe1 Rc2 23. Bb2 Nbc4 24. Bc3 Ra8 25. f4 Raa2
26. Bf1 Nd2 27. Bxd2 Rxd2 28. fxe5 dxe5 29. Qe3 Rxh2 30. g4 Qd6 31. Qc3 h5
32. Qxe5+ Qxe5 33. Nxe5 hxg4 34. Nxg4 Rh4 35. Rg3 f5 36. Ne5 Kf6 37. Nd7+
Ke7 38. Rxg6 Rxe4 39. d6+ Kf7 1/2-1/2

[Event "12th ch-EUR"]
[Site "Aix-les-Bains FRA"]
[Date "2011.03.24"]
[Round "3"]
[White "Vaisser,A"]
[Black "Zakhartsov,Vi"]
[Result "1-0"]
[WhiteElo "2522"]
[BlackElo "2608"]
[EventDate "2011.03.21"]

1. d4 Nf6 2. c4 e6 3. Nc3 Bb4 4. e3 b6 5. Nge2 c5 6. a3 Ba5 7. Rb1 Na6 8.
g3 Bb7 9. d5 b5 10. Bg2 bxc4 11. O-O O-O 12. e4 d6 13. Bg5 Nc7 14. e5 dxe5
15. d6 Bxg2 16. Bxf6 Qxf6 17. Kxg2 Nd5 18. Nxd5 exd5 19. Qxd5 Rad8 20. d7
e4 21. Kg1 Qe7 22. Rbd1 e3 23. fxe3 Qxe3+ 24. Rf2 Rb8 25. Qxc4 h6 26. Rd3
Qe5 27. Nc3 Bxc3 28. bxc3 Qe7 29. Rd1 1-0

[Event "12th ch-EUR"]
[Site "Aix-les-Bains FRA"]
[Date "2011.03.24"]
[Round "3"]
[White "Laznicka,V"]
[Black "Jaracz,P"]
[Result "1/2-1/2"]
[WhiteElo "2688"]
[BlackElo "2565"]
[EventDate "2011.03.21"]

1. d4 Nf6 2. c4 e6 3. g3 Bb4+ 4. Bd2 a5 5. Bg2 d6 6. e4 O-O 7. Ne2 e5 8. a3
Bxd2+ 9. Nxd2 exd4 10. Nxd4 Nc6 11. Nb5 Ne5 12. O-O c6 13. Nc3 Be6 14. b3
Qb6 15. Qc2 Nfd7 16. Ne2 Bg4 17. Rfe1 Nc5 18. h3 Bd7 19. Qc3 f5 20. exf5
Ned3 21. Rf1 Bxf5 22. Kh2 g5 23. Nd4 Bg6 24. N2f3 h6 25. Kg1 Rae8 26. Ne1
Ne5 27. Rd1 Ne4 28. Qc1 Nxf2 29. Rxf2 Rxf2 30. Kxf2 Nd3+ 31. Rxd3 Bxd3 32.
Qc3 Bg6 33. Nef3 Qc5 34. b4 axb4 35. axb4 Qa7 36. g4 c5 37. bxc5 Qxc5 38.
Kg3 d5 39. Nf5 Qc7+ 40. Kf2 Bxf5 41. gxf5 Qc5+ 42. Kg3 Qc7+ 1/2-1/2

[Event "12th ch-EUR"]
[Site "Aix-les-Bains FRA"]
[Date "2011.03.24"]
[Round "3"]
[White "Le Roux,JP"]
[Black "McShane,L"]
[Result "1/2-1/2"]
[WhiteElo "2538"]
[BlackElo "2683"]
[EventDate "2011.03.21"]

1. d4 d5 2. Nf3 Nf6 3. c4 c6 4. e3 g6 5. Nc3 Bg7 6. Be2 O-O 7. O-O a6 8. b3
Ne4 9. Bb2 Nxc3 10. Bxc3 Bg4 11. Rc1 e6 12. Ne1 Bxe2 13. Qxe2 Nd7 14. Nd3
Re8 15. Rfd1 Qg5 16. g3 Rad8 17. h4 Qf5 18. Kg2 h5 19. Qf3 Qxf3+ 20. Kxf3
Bf8 21. Ba5 Rc8 22. Ke2 Nf6 23. Rc2 Ne4 24. Rdc1 Kg7 25. Bb4 Bxb4 26. Nxb4
Rcd8 27. Nd3 Rh8 28. Rg1 Nd6 29. a4 Rhe8 30. c5 Nf5 31. b4 f6 32. f4 Ra8
33. Rb2 Nh6 34. Rgb1 Ng4 35. Nf2 e5 36. Nxg4 hxg4 37. Kd3 exf4 38. exf4 g5
39. hxg5 fxg5 40. Rf1 Re4 41. Rbf2 Rae8 42. fxg5 R8e7 43. b5 axb5 44. axb5
cxb5 45. Rf5 Re3+ 46. Kd2 Rxg3 47. Rxd5 Rge3 48. Rg1 g3 49. Rd7 Re2+ 50.
Kd3 R2e3+ 51. Kd2 Re2+ 52. Kd3 Rxd7 53. Kxe2 Rxd4 54. Rxg3 Rc4 55. Rd3 Rxc5
56. Rd7+ Kg6 57. Rxb7 Kxg5 58. Kd3 Kf6 59. Kd4 Rh5 60. Kc3 Ke6 1/2-1/2

[Event "12th ch-EUR"]
[Site "Aix-les-Bains FRA"]
[Date "2011.03.26"]
[Round "5"]
[White "Nisipeanu,LD"]
[Black "Kotronias,V"]
[Result "*"]
[WhiteElo "2673"]
[BlackElo "2583"]
[EventDate "2011.03.21"]

1. e4 c5 2. Nf3 Nc6 3. d4 cxd4 4. Nxd4 Nf6 5. Nc3 e5 6. Ndb5 d6 7. Bg5 a6
8. Na3 b5 9. Nd5 Be7 10. Bxf6 Bxf6 11. c4 b4 12. Nc2 a5 13. g3 Bg5 14. Bg2
O-O 15. O-O Ne7 16. Nxe7+ Qxe7 17. Qd3 Qc7 18. Rad1 Qc5 19. Kh1 Ra6 20. f4
exf4 21. gxf4 Bf6 22. b3 a4 23. a3 axb3 24. axb4 Qa7 25. Qxb3 Bg4 26. Rb1
Ra4 27. Qe3 Qa6 28. b5 Qa5 29. e5 Bd8 30. Nd4 Bb6 31. Qg3 *

[Event "12th ch-EUR"]
[Site "Aix-les-Bains FRA"]
[Date "2011.03.26"]
[Round "5"]
[White "Ragger,M"]
[Black "Sutovsky,E"]
[Result "*"]
[WhiteElo "2614"]
[BlackElo "2692"]
[EventDate "2011.03.21"]

1. Nf3 Nf6 2. c4 g6 3. Nc3 d5 4. cxd5 Nxd5 5. g3 Bg7 6. Bg2 O-O 7. O-O c5
8. Nxd5 Qxd5 9. d4 cxd4 10. Be3 Qb5 11. Nxd4 Qxb2 12. Bd5 Qb4 13. Rb1 Qa5
14. Nb3 Qc7 15. Nc5 Nc6 16. Qa4 Rd8 17. Rfd1 Rd6 18. Qf4 e6 19. Bxc6 e5 20.
Qh4 Bf6 21. Bg5 Bxg5 22. Qxg5 f6 23. Rxd6 fxg5 24. Bd5+ Kh8 25. Ne4 Bh3 *

[Event "12th ch-EUR"]
[Site "Aix-les-Bains FRA"]
[Date "2011.03.26"]
[Round "5"]
[White "Reinderman,D"]
[Black "Polgar,Ju"]
[Result "*"]
[WhiteElo "2601"]
[BlackElo "2686"]
[EventDate "2011.03.21"]

1. c4 e6 2. g3 d5 3. Bg2 Nf6 4. Nf3 Be7 5. O-O O-O 6. b3 b6 7. Bb2 Bb7 8.
e3 c5 9. Nc3 Nbd7 10. Qe2 Rc8 11. cxd5 Nxd5 12. Nxd5 Bxd5 13. e4 Bb7 14. d4
Nf6 15. Rfd1 Bxe4 16. dxc5 Qc7 17. cxb6 Qxb6 18. Bxf6 Bxf3 19. Bxf3 Bxf6
20. Rac1 Bd4 21. Kg2 g6 22. Rc2 Rc5 23. Rxc5 Qxc5 24. Qd2 Rd8 25. Rc1 Qf5
26. Qe2 Qa5 27. Rc2 Bb6 28. h4 h5 29. Bc6 Qb4 30. Be4 Kg7 31. Bc6 Qd6 *

[Event "12th ch-EUR"]
[Site "Aix-les-Bains FRA"]
[Date "2011.03.26"]
[Round "5"]
[White "Parligras,M"]
[Black "Grachev,B"]
[Result "*"]
[WhiteElo "2598"]
[BlackElo "2675"]
[EventDate "2011.03.21"]

1. d4 d5 2. c4 c6 3. Nf3 Nf6 4. e3 Bf5 5. Nc3 e6 6. Nh4 Be4 7. f3 Bg6 8.
Qb3 Qc7 9. Bd2 Be7 10. Nxg6 hxg6 11. Rc1 dxc4 12. Bxc4 Nbd7 13. g3 a6 14.
a4 O-O 15. O-O Rad8 16. Ne2 Qb8 17. Rfd1 e5 18. a5 c5 19. dxe5 Nxe5 20. e4
Nxc4 21. Qxc4 Nd7 22. f4 Nf6 23. e5 Nd5 24. Nc3 *

[Event "12th ch-EUR"]
[Site "Aix-les-Bains FRA"]
[Date "2011.03.26"]
[Round "5"]
[White "Kobalia,M"]
[Black "Zhigalko,A"]
[Result "*"]
[WhiteElo "2672"]
[BlackElo "2571"]
[EventDate "2011.03.21"]

1. e4 c5 2. Nf3 d6 3. Bb5+ Nd7 4. d4 cxd4 5. Qxd4 a6 6. Bxd7+ Bxd7 7. Nc3
e5 8. Qd3 h6 9. O-O Rc8 10. Rd1 Nf6 11. b3 Be7 12. Bb2 b5 13. Ne2 O-O 14.
Ng3 Qc7 15. Rd2 Rfd8 16. Rad1 Qb7 17. Nh4 g6 18. h3 Bc6 19. Re1 Ne8 20. Nf3
h5 21. Qe3 Ng7 22. Ng5 Rd7 23. Kh1 Qa7 24. Qxa7 Rxa7 25. Nf3 *

[Event "12th ch-EUR"]
[Site "Aix-les-Bains FRA"]
[Date "2011.03.26"]
[Round "5"]
[White "Wirig,A"]
[Black "Korobov,A"]
[Result "*"]
[WhiteElo "2480"]
[BlackElo "2647"]
[EventDate "2011.03.21"]

1. d4 d5 2. Nf3 Nf6 3. c4 c6 4. Nc3 e6 5. Qd3 dxc4 6. Qxc4 b5 7. Qd3 Nbd7
8. e4 b4 9. Na4 Bb7 10. Bg5 Qa5 11. b3 Nb6 12. Nb2 Be7 13. e5 Nfd5 14. Bxe7
Nxe7 15. Nc4 Nxc4 16. Qxc4 c5 17. Qb5+ Qxb5 18. Bxb5+ Kf8 19. dxc5 Rc8 20.
Rc1 Bxf3 21. gxf3 Ng6 22. Ke2 *

[Event "12th ch-EUR"]
[Site "Aix-les-Bains FRA"]
[Date "2011.03.26"]
[Round "5"]
[White "Bellaiche,A"]
[Black "Navara,D"]
[Result "*"]
[WhiteElo "2472"]
[BlackElo "2722"]
[EventDate "2011.03.21"]

1. e4 c5 2. Nf3 d6 3. d4 cxd4 4. Nxd4 Nf6 5. Nc3 a6 6. Be3 e5 7. Nb3 Be6 8.
Qd2 Nbd7 9. O-O-O Rc8 10. f4 b5 11. f5 Bc4 12. Kb1 Be7 13. Bxc4 bxc4 14.
Nc1 Qc7 15. g4 Qb7 16. Qg2 Rb8 17. b3 Qc6 18. N1e2 cxb3 19. cxb3 Rb4 20. g5
Nxe4 21. Ka1 Qb7 22. Nd5 Nec5 23. Nec3 Bd8 24. Rhg1 Ba5 25. Nxb4 Bxb4 26.
Nd5 Ba3 27. Bd2 Nb6 28. Ba5 Nxd5 29. Qxd5 Qxd5 30. Rxd5 Kd7 31. Rgd1 Ne4
32. Rxe5 Nf2 33. Rd4 Rc8 34. Re1 Rc5 35. Ra4 Nd3 36. Rxa3 Nxe1 37. Bxe1
Rc1+ 38. Kb2 Rxe1 39. Rxa6 Re2+ 40. Kc3 Rxh2 41. Ra7+ *

[Event "12th ch-EUR"]
[Site "Aix-les-Bains FRA"]
[Date "2011.03.26"]
[Round "5"]
[White "Zhigalko,S"]
[Black "Balogh,C"]
[Result "*"]
[WhiteElo "2680"]
[BlackElo "2601"]
[EventDate "2011.03.21"]

1. e4 e5 2. Nf3 Nc6 3. d4 exd4 4. Nxd4 Nf6 5. Nxc6 bxc6 6. e5 Qe7 7. Qe2
Nd5 8. c4 Nb6 9. Nd2 a5 10. b3 a4 11. Bb2 axb3 12. axb3 Rxa1+ 13. Bxa1 Qa3
14. Qd1 Bb4 15. Bd3 Qa5 16. Ke2 O-O 17. Qc2 d6 18. Bd4 Bxd2 19. Qxd2 Qa3
20. Qb2 Qxb2+ 21. Bxb2 dxe5 22. Ra1 Bd7 23. Ra7 Rc8 24. Bc3 *

[Event "12th ch-EUR"]
[Site "Aix-les-Bains FRA"]
[Date "2011.03.26"]
[Round "5"]
[White "Azarov,S"]
[Black "Vitiugov,N"]
[Result "*"]
[WhiteElo "2615"]
[BlackElo "2720"]
[EventDate "2011.03.21"]

1. e4 e6 2. d4 d5 3. Nd2 c5 4. exd5 Qxd5 5. Ngf3 cxd4 6. Bc4 Qd6 7. O-O Nf6
8. Nb3 Nc6 9. Nbxd4 Nxd4 10. Nxd4 a6 11. Re1 Qc7 12. Qe2 Bc5 13. Nf3 b5 14.
Bd3 Bb7 15. Ne5 O-O 16. Bf4 Nd5 17. Bg3 Nb4 18. Bxh7+ Kxh7 19. Ng6 fxg6 20.
Bxc7 Rxf2 21. Qxf2 Bxf2+ 22. Kxf2 Nxc2 23. Rac1 Nxe1 24. Rxe1 Bd5 25. a3 g5
26. Be5 Rc8 27. Bc3 Kg6 28. Re2 Rc4 29. Kg3 Rf4 30. Re1 Kh5 31. h3 Kg6 32.
Re5 Rc4 33. Re2 Rf4 34. Re5 Rf1 35. Re1 Rf7 36. Re5 Rc7 *

[Event "12th ch-EUR"]
[Site "Aix-les-Bains FRA"]
[Date "2011.03.26"]
[Round "5"]
[White "Wojtaszek,R"]
[Black "Stevic,H"]
[Result "*"]
[WhiteElo "2711"]
[BlackElo "2611"]
[EventDate "2011.03.21"]

1. d4 d5 2. c4 dxc4 3. e4 e5 4. Nf3 exd4 5. Bxc4 Nc6 6. O-O Be6 7. Nbd2 Qf6
8. Bd3 Nge7 9. Qa4 Bd7 10. Qb3 O-O-O 11. Nc4 h6 12. e5 Qe6 13. Be4 Nf5 14.
Bd5 Qe7 15. Bd2 Be6 16. Bxc6 bxc6 17. Qd3 Nh4 18. Nxh4 Qxh4 19. Na5 Bd5 20.
f3 Re8 21. Rac1 Re6 22. Qa6+ Kd7 23. Qxa7 Rxe5 24. Nc4 *

[Event "12th ch-EUR"]
[Site "Aix-les-Bains FRA"]
[Date "2011.03.26"]
[Round "5"]
[White "Hammer,J"]
[Black "Riazantsev,A"]
[Result "*"]
[WhiteElo "2606"]
[BlackElo "2679"]
[EventDate "2011.03.21"]

1. Nf3 Nf6 2. c4 e6 3. Nc3 Bb4 4. Qc2 c5 5. a3 Ba5 6. g3 Nc6 7. Bg2 d6 8.
O-O O-O 9. e3 e5 10. h3 h6 11. b3 Be6 12. Bb2 Rc8 13. Rad1 Qd7 14. Kh2 Bxc3
15. Qxc3 b5 16. d4 cxd4 17. exd4 bxc4 18. Nxe5 Nxe5 19. dxe5 cxb3 20. Qe3
Nh7 21. f4 Rc2 22. Rf2 Rfc8 23. Rxd6 *

[Event "12th ch-EUR"]
[Site "Aix-les-Bains FRA"]
[Date "2011.03.26"]
[Round "5"]
[White "Matlakov,M"]
[Black "Javakhishvili,L"]
[Result "*"]
[WhiteElo "2625"]
[BlackElo "2437"]
[EventDate "2011.03.21"]

1. d4 d5 2. c4 c6 3. Nc3 Nf6 4. e3 e6 5. Nf3 Nbd7 6. Qc2 Bd6 7. Bd3 O-O 8.
O-O dxc4 9. Bxc4 a6 10. Rd1 b5 11. Bd3 Qc7 12. Bd2 Bb7 13. b4 e5 14. h3
Rfe8 15. Ng5 h6 16. Nge4 Bxb4 17. Nxb5 axb5 18. Bxb4 Nxe4 19. Bxe4 exd4 20.
exd4 Nf6 21. Bf3 Qd7 22. a4 bxa4 23. Rxa4 Rxa4 24. Qxa4 Nd5 25. Bd2 Ra8 26.
Qc2 Re8 27. Ra1 Ra8 28. Rb1 Ba6 29. Ra1 Bb7 30. Rc1 Re8 31. Qd3 Qd6 *

[Event "12th ch-EUR"]
[Site "Aix-les-Bains FRA"]
[Date "2011.03.26"]
[Round "5"]
[White "Dubov,Danii"]
[Black "Lupulescu,C"]
[Result "*"]
[WhiteElo "2489"]
[BlackElo "2626"]
[EventDate "2011.03.21"]

1. d4 Nf6 2. c4 e6 3. Nc3 Bb4 4. Qc2 d5 5. a3 Bxc3+ 6. Qxc3 Ne4 7. Qc2 e5
8. e3 exd4 9. cxd5 Qxd5 10. Nf3 Nd6 11. Nxd4 Bd7 12. f3 Nc6 13. Nxc6 Bxc6
14. Be2 O-O-O 15. e4 Qe6 16. O-O f5 17. Bg5 Rde8 18. Qc5 fxe4 19. Qxa7 Rhf8
20. fxe4 Qxe4 21. Bf3 Rxf3 22. Rxf3 Qe5 23. Rg3 Qxb2 *

[Event "12th ch-EUR"]
[Site "Aix-les-Bains FRA"]
[Date "2011.03.26"]
[Round "5"]
[White "Saric,Iv"]
[Black "Alsina Leal,D"]
[Result "*"]
[WhiteElo "2626"]
[BlackElo "2538"]
[EventDate "2011.03.21"]

1. e4 c5 2. Nf3 d6 3. d4 cxd4 4. Nxd4 Nf6 5. Nc3 a6 6. h3 e6 7. g4 Be7 8.
Bg2 Nfd7 9. Be3 Nc6 10. Qe2 Nxd4 11. Bxd4 O-O 12. O-O-O b5 13. e5 d5 14.
Qe3 Bb7 15. f4 Qc7 16. f5 Rfc8 17. Rd2 Bc5 18. Re1 Bxd4 19. Rxd4 Qc5 20. f6
gxf6 21. exf6 Kh8 22. Be4 Nxf6 23. Bd3 Ne4 24. Bxe4 dxe4 25. Rd7 Qxe3+ 26.
Rxe3 Bd5 27. Rxf7 Rf8 28. Rxf8+ Rxf8 29. Nxe4 Rf1+ 30. Kd2 Rb1 *

[Event "12th ch-EUR"]
[Site "Aix-les-Bains FRA"]
[Date "2011.03.26"]
[Round "5"]
[White "Zherebukh,Y"]
[Black "Andriasian,Z"]
[Result "*"]
[WhiteElo "2560"]
[BlackElo "2645"]
[EventDate "2011.03.21"]

1. e4 c5 2. Nf3 d6 3. d4 cxd4 4. Nxd4 Nf6 5. Nc3 a6 6. Be3 e5 7. Nb3 Be7 8.
f3 Be6 9. Qd2 O-O 10. O-O-O a5 11. Qe1 Qc8 12. a3 a4 13. Nd2 d5 14. exd5
Nxd5 15. Nxd5 Bxd5 16. Ne4 Bxe4 17. fxe4 Nd7 18. Kb1 Nf6 19. Bg5 Qc6 20.
Bd3 Rfd8 21. Qe2 Qb6 22. Bxf6 Bxf6 23. Bc4 Rd4 24. c3 Rdd8 25. Ka2 Qc5 26.
Bd5 Rab8 27. h4 Qe7 28. g4 Bxh4 29. Qh2 g5 30. Rdf1 *

[Event "12th ch-EUR"]
[Site "Aix-les-Bains FRA"]
[Date "2011.03.26"]
[Round "5"]
[White "Wells,P"]
[Black "Romanov,E"]
[Result "*"]
[WhiteElo "2487"]
[BlackElo "2624"]
[EventDate "2011.03.21"]

1. d4 Nf6 2. c4 c5 3. d5 g6 4. Nc3 Bg7 5. e4 d6 6. Bd3 O-O 7. h3 e6 8. Nf3
Na6 9. O-O Nc7 10. Bg5 h6 11. Bh4 e5 12. Nd2 Qe8 13. Nb5 Nxb5 14. cxb5 Nh5
15. Nc4 Qd7 16. Bg3 Qe7 17. Kh1 Bd7 18. a4 Rad8 19. Ra3 Bc8 20. Bc2 Qg5 21.
Bh2 f5 22. exf5 gxf5 23. h4 Qxh4 24. Nxd6 Rxd6 25. Rh3 Qd4 26. Rxh5 *

[Event "12th ch-EUR"]
[Site "Aix-les-Bains FRA"]
[Date "2011.03.26"]
[Round "5"]
[White "Khairullin,I"]
[Black "Gallagher,Jo"]
[Result "*"]
[WhiteElo "2634"]
[BlackElo "2500"]
[EventDate "2011.03.21"]

1. d4 Nf6 2. c4 g6 3. Nc3 Bg7 4. e4 d6 5. f3 O-O 6. Be3 c5 7. dxc5 dxc5 8.
Qxd8 Rxd8 9. Bxc5 Nc6 10. Nge2 Nd7 11. Be3 Nde5 12. Nf4 Nb4 13. Rc1 Be6 14.
b3 g5 15. Nxe6 fxe6 16. Bxg5 Ned3+ 17. Bxd3 Nxd3+ 18. Ke2 Nxc1+ 19. Rxc1
Kf7 20. Be3 Bd4 21. Nd1 Rac8 22. Nf2 e5 23. Nd3 Bxe3 24. Kxe3 Kf6 25. Rf1
Rc6 26. f4 exf4+ 27. Nxf4 Kg7 28. e5 Ra6 29. Ke4 Rd2 30. a4 Rb6 31. Rf3 Rb2
32. Rg3+ Kf7 *

[Event "12th ch-EUR"]
[Site "Aix-les-Bains FRA"]
[Date "2011.03.26"]
[Round "5"]
[White "Macieja,B"]
[Black "Zude,E"]
[Result "*"]
[WhiteElo "2619"]
[BlackElo "2409"]
[EventDate "2011.03.21"]

1. d4 Nf6 2. c4 g6 3. Nc3 Bg7 4. e4 d6 5. Nf3 O-O 6. Be2 e5 7. O-O Nc6 8.
d5 Ne7 9. Ne1 Nd7 10. Nd3 f5 11. Bd2 Nf6 12. f3 f4 13. c5 g5 14. Rc1 Ng6
15. Nb5 Rf7 16. Ba5 b6 17. cxd6 cxd6 18. Be1 g4 19. Nb4 Bf8 20. Qc2 gxf3
21. Rxf3 Bg4 22. Rc3 f3 23. Bxf3 Bh6 24. Rd1 Qd7 25. a4 Bxf3 26. Rxf3 Raf8
27. Bg3 *

[Event "12th ch-EUR"]
[Site "Aix-les-Bains FRA"]
[Date "2011.03.26"]
[Round "5"]
[White "Laznicka,V"]
[Black "Gabrielian,A"]
[Result "*"]
[WhiteElo "2688"]
[BlackElo "2532"]
[EventDate "2011.03.21"]

1. d4 Nf6 2. c4 g6 3. g3 Bg7 4. Bg2 d5 5. cxd5 Nxd5 6. Nf3 O-O 7. O-O Nb6
8. Nc3 Nc6 9. e3 Re8 10. Re1 a5 11. Qe2 a4 12. Rd1 Bg4 13. h3 Be6 14. Nd2
Nd5 15. Nde4 Qc8 16. Kh2 Nxc3 17. bxc3 Bd5 18. Nf6+ Bxf6 19. Bxd5 Ra5 20.
Bg2 e5 21. Qc2 Ne7 22. Rb1 c6 23. e4 Qc7 24. Be3 Nc8 25. f4 exf4 26. Bxf4
Qd7 27. c4 *

[Event "12th ch-EUR"]
[Site "Aix-les-Bains FRA"]
[Date "2011.03.26"]
[Round "5"]
[White "Akopian,Vl"]
[Black "Pavlov,S2"]
[Result "*"]
[WhiteElo "2675"]
[BlackElo "2526"]
[EventDate "2011.03.21"]

1. e4 e5 2. Nf3 Nc6 3. Bb5 g6 4. c3 a6 5. Ba4 Bg7 6. d4 exd4 7. cxd4 b5 8.
Bb3 d6 9. O-O Nge7 10. Nc3 O-O 11. Nd5 h6 12. Nxe7+ Qxe7 13. Bd5 Bb7 14.
Re1 Kh7 15. h4 Nd8 16. h5 c6 17. Bb3 Bc8 18. Qc2 Bg4 19. Nh2 Be6 20. Be3
Rc8 21. f4 c5 22. dxc5 dxc5 23. Bxe6 Nxe6 24. e5 Qh4 25. f5 Bxe5 26. Nf3
Nd4 27. fxg6+ Kh8 28. Nxh4 Nxc2 29. Bxh6 Bxb2 *

[Event "12th ch-EUR"]
[Site "Aix-les-Bains FRA"]
[Date "2011.03.26"]
[Round "5"]
[White "Gritsak,O"]
[Black "Caruana,F"]
[Result "*"]
[WhiteElo "2539"]
[BlackElo "2716"]
[EventDate "2011.03.21"]

1. Nf3 f5 2. g3 Nf6 3. Bg2 g6 4. d4 Bg7 5. c4 d6 6. Nc3 O-O 7. O-O Qe8 8.
d5 Na6 9. Rb1 Bd7 10. b4 c6 11. dxc6 bxc6 12. a3 Kh8 13. Bb2 Rb8 14. Ba1
Ng4 15. e3 c5 16. b5 Nc7 17. a4 Be6 18. Qd3 h6 19. Nd5 Bxd5 20. Bxg7+ Kxg7
21. cxd5 Qf7 *

[Event "12th ch-EUR"]
[Site "Aix-les-Bains FRA"]
[Date "2011.03.26"]
[Round "5"]
[White "Jobava,Ba"]
[Black "Pridorozhni,A"]
[Result "*"]
[WhiteElo "2707"]
[BlackElo "2542"]
[EventDate "2011.03.21"]

1. d4 d5 2. c4 c6 3. Nc3 Nf6 4. Nf3 a6 5. cxd5 cxd5 6. Bf4 Nc6 7. Ne5 Qb6
8. Nxc6 bxc6 9. f3 e6 10. Na4 Qa5+ 11. Kf2 Nh5 12. Bd2 Qc7 13. Qc2 Bd6 14.
Rc1 O-O 15. Qxc6 Qe7 16. Qxa8 Qh4+ 17. g3 Nxg3 18. hxg3 Qxg3+ 19. Ke3 Bd7
20. Qxa6 e5 21. Be1 Qg5+ 22. Kf2 e4 23. e3 Qg3+ 24. Ke2 Qxf3+ 25. Kd2 Qxh1
26. Qxd6 Qxf1 27. Nc5 Bg4 28. Qh2 Rc8 29. Bg3 Qb5 30. Ke1 h5 31. a4 Qb6 32.
Ra1 Ra8 33. Bc7 Qf6 34. Qf4 Qh4+ 35. Kd2 Ra7 36. Rf1 Qe7 37. Bb6 Ra8 38. a5
Bf3 39. a6 Qe8 40. Rxf3 exf3 41. Qxf3 *

[Event "12th ch-EUR"]
[Site "Aix-les-Bains FRA"]
[Date "2011.03.26"]
[Round "5"]
[White "Jakovenko,D"]
[Black "Rapport,R"]
[Result "*"]
[WhiteElo "2718"]
[BlackElo "2540"]
[EventDate "2011.03.21"]

1. d4 d5 2. c4 c6 3. Nc3 Nf6 4. e3 g6 5. Nf3 Bg7 6. Be2 O-O 7. O-O Be6 8.
cxd5 cxd5 9. Qb3 Qb6 10. Qxb6 axb6 11. b3 Bg4 12. h3 Bxf3 13. Bxf3 e6 14.
Bb2 Rc8 15. Rfc1 Nc6 16. Na4 Nd7 17. Be2 Bf8 18. Kf1 Bd6 19. Nc3 Kf8 20.
Nb5 Be7 21. a3 Nf6 22. b4 Ne4 23. Rc2 Ke8 24. Bd3 Nd6 25. Nxd6+ Bxd6 26. e4
Be7 27. Re1 Kd7 28. g3 Bf6 29. e5 Bg7 30. Bb5 f5 31. Ke2 Kd8 32. Bd3 *

[Event "12th ch-EUR"]
[Site "Aix-les-Bains FRA"]
[Date "2011.03.26"]
[Round "5"]
[White "Nevednichy,V"]
[Black "Dreev,A"]
[Result "*"]
[WhiteElo "2534"]
[BlackElo "2697"]
[EventDate "2011.03.21"]

1. e4 c6 2. d4 d5 3. e5 Bf5 4. Nf3 e6 5. Be2 c5 6. Be3 Qb6 7. Nc3 Nc6 8.
Bb5 Bg4 9. dxc5 Bxc5 10. Bxc5 Qxc5 11. Qd4 Qxd4 12. Nxd4 Nge7 13. f3 Bh5
14. O-O-O Rc8 15. Rhe1 O-O 16. Bxc6 Nxc6 17. Ncb5 Bg6 18. Nxc6 Rxc6 19. c3
Rb6 20. Nd4 Rc8 21. Re3 Ra6 22. a3 Ra4 23. Kd2 Kf8 24. Ra1 Rac4 25. b3 R4c5
26. b4 Rc4 *

[Event "12th ch-EUR"]
[Site "Aix-les-Bains FRA"]
[Date "2011.03.26"]
[Round "5"]
[White "Inarkiev,E"]
[Black "Guliyev,N"]
[Result "*"]
[WhiteElo "2674"]
[BlackElo "2522"]
[EventDate "2011.03.21"]

1. e4 e5 2. Nf3 Nf6 3. Nc3 Nc6 4. Bb5 Nd4 5. Ba4 Nxf3+ 6. Qxf3 c6 7. d3 d6
8. O-O Be7 9. h3 O-O 10. Ne2 Nd7 11. Be3 Bg5 12. c3 Bxe3 13. fxe3 Qg5 14.
Bc2 Nf6 15. Rf2 Be6 16. Ng3 Rad8 17. Re1 Kh8 18. a3 Ng8 19. Kh2 g6 20. Ref1
Kg7 21. Qe2 h5 22. d4 h4 23. Nh1 Ne7 24. Rf3 a6 25. g4 c5 26. d5 Bd7 27.
Qf2 f6 28. Qe1 c4 29. Rg1 Kf7 30. Nf2 b5 *